| 000 | 00463nam a2200157Ia 4500 | ||
|---|---|---|---|
| 008 | 151021s9999 xx 000 0 und d | ||
| 020 | _a013124356x | ||
| 050 | _aQC355.2 .M49 1995 | ||
| 245 | _a_Introduction to classical and optics.-4th ed. Jurgen R.Meyer-Arendt | ||
| 260 | _aNew Jersey Prentice hall 1995 | ||
| 300 | _axv,431p. | ||
| 500 | _aIncludes index. | ||
| 500 | _aIncludes index. | ||
| 650 | _a_Optics | ||
| 980 | _a^d20130517 01:29:49^oanne | ||
| 999 |
_c13455 _d13455 |
||